Southville International School and Colleges
Your cart is empty.
  • Cart
  • Lists
    Public lists Eva Luna New books Lux_list list_1
    Your lists Log in to create your own lists
  • Log in to your account
  • Your cookies
  • Search history
Southville International School and Colleges
  • Advanced search
  • Recent comments
  • Most popular
  • Libraries

Log in to your account

Log in with GOOGLE


If you do not have an external account, but do have a local account, you can still log in:

  1. Home
  2. MARC view: Christmas everyday/
Normal view MARC view ISBD view

Christmas everyday/ (Record no. 102614)

[ view plain ]
MARC details
000 -LEADER
fixed length control field 00542nam a2200193 a 4500
005 - DATE AND TIME OF LATEST TRANSACTION
control field 20160405144108.0
008 - FIXED-LENGTH DATA ELEMENTS--GENERAL INFORMATION
fixed length control field 001218s19uu xx 00 eng d
020 ## - INTERNATIONAL STANDARD BOOK NUMBER
International Standard Book Number 0-689-86896-0
050 ## - LIBRARY OF CONGRESS CALL NUMBER
Classification number ER
Item number Ch461
100 ## - MAIN ENTRY--PERSONAL NAME
Personal name Pass, Erica
245 ## - TITLE STATEMENT
Title Christmas everyday/
Statement of responsibility, etc Erica Pass ; illustrated by Zina Saunders
260 ## - PUBLICATION, DISTRIBUTION, ETC. (IMPRINT)
Place of publication, distribution, etc New York :
Name of publisher, distributor, etc Simon & Schuster,
Date of publication, distribution, etc 2004
300 ## - PHYSICAL DESCRIPTION
Extent 1 v. (unp.) ; ill.
648 ## - SUBJECT ADDED ENTRY--CHRONOLOGICAL TERM
General subdivision Christmas-fiction.
650 ## - SUBJECT ADDED ENTRY--TOPICAL TERM
Topical term or geographic name as entry element Christmas stories
650 ## - SUBJECT ADDED ENTRY--TOPICAL TERM
Topical term or geographic name as entry element Christmas tree -- Fiction
942 ## - ADDED ENTRY ELEMENTS (KOHA)
Source of classification or shelving scheme Dewey Decimal Classification
Holdings
Withdrawn status Lost status Source of classification or shelving scheme Damaged status Home library Current library Shelving location Date acquired Source of acquisition Total Checkouts Full call number Barcode Date last seen Price effective from Koha item type
    Dewey Decimal Classification   Elizalde Library Elizalde Library Easy Reading Section 12/18/2000 Donation   ER Cha461 2004 E2236 04/12/2014 04/12/2014 Books

Christmas everyday/

APA

Pass E., . (2004). Christmas everyday. New York: Simon & Schuster.

Chicago

Pass Erica, . 2004. Christmas everyday. New York: Simon & Schuster.

Harvard

Pass E., . (2004). Christmas everyday. New York: Simon & Schuster.

MLA

Pass Erica, . Christmas everyday. New York: Simon & Schuster. 2004.

  • Place hold
  • Print
  • Cite
  • Add to your cart (remove)
  • Save record
    BIBTEX Dublin Core MARCXML MARC (non-Unicode/MARC-8) MARC (Unicode/UTF-8) MARC (Unicode/UTF-8, Standard) MODS (XML) RIS
  • More searches
    Search for this title in:
    Other Libraries (WorldCat) Other Databases (Google Scholar) Online Stores (Bookfinder.com) Open Library (openlibrary.org)

Exporting to Dublin Core...

SOUTHVILLE LIBRARY

Southville International School and Colleges Library

1281 Tropical Ave. Cor. Luxembourg St., BF Homes International, Las Pinas City

Tel. No. 8256374 / 252358 Loc. 117/146

Powered by Koha